ARCHAEOLOGIA POLONA

محفوظ في:

المؤلف الرئيسي: Zbigeniew Kobylinski.

مؤلفون آخرون: TOMASZ HERBICH.

التنسيق: كتاب

اللغة: Undetermined

منشور في: Paris : The institute of archaeology and wthnology polish academy of sciences, warsaw, 2003.

الموضوعات:

الوسوم: إضافة وسم

لا توجد وسوم, كن أول من يضع وسما على هذه التسجيلة!

رقم الطلب: CC79 .G46 I58 v.41

LEADER 00572nam a2200181Ia 4500
008 240329s9999||||xx |||||||||||||| ||und||
050 4 |a CC79 .G46 I58 v.41 
100 1 |a Zbigeniew Kobylinski. 
245 1 0 |a ARCHAEOLOGIA POLONA  |c Zbigeniew Kobylinski 
264 1 |a Paris :  |b The institute of archaeology and wthnology polish academy of sciences, warsaw,  |c 2003. 
300 |a 303  |c 24 cm 
650 |a  Antiquities 
650 |a Archaeology 
650 |a Archaeology Periodicals 
650 |a Archéologie Périodiques 
700 1 |a TOMASZ HERBICH. 
942 |2 lcc  |c BK 
999 |c 57587  |d 57587